<?xml version="1.0" encoding="UTF-8"?><?xml-stylesheet type="text/xsl" href="static/style.xsl"?><OAI-PMH xmlns="http://www.openarchives.org/OAI/2.0/" xmlns:xsi="http://www.w3.org/2001/XMLSchema-instance" xsi:schemaLocation="http://www.openarchives.org/OAI/2.0/ http://www.openarchives.org/OAI/2.0/OAI-PMH.xsd"><responseDate>2026-04-14T07:05:32Z</responseDate><request verb="GetRecord" identifier="oai:www.recercat.cat:20.500.12327/3126" metadataPrefix="marc">https://recercat.cat/oai/request</request><GetRecord><record><header><identifier>oai:recercat.cat:20.500.12327/3126</identifier><datestamp>2025-10-22T11:05:11Z</datestamp><setSpec>com_2072_4428</setSpec><setSpec>com_2072_4427</setSpec><setSpec>col_2072_487898</setSpec></header><metadata><record xmlns="http://www.loc.gov/MARC21/slim" xmlns:dcterms="http://purl.org/dc/terms/" xmlns:xsi="http://www.w3.org/2001/XMLSchema-instance" xmlns:doc="http://www.lyncode.com/xoai" xsi:schemaLocation="http://www.loc.gov/MARC21/slim http://www.loc.gov/standards/marcxml/schema/MARC21slim.xsd">
   <leader>00925njm 22002777a 4500</leader>
   <datafield ind2=" " ind1=" " tag="042">
      <subfield code="a">dc</subfield>
   </datafield>
   <datafield ind2=" " ind1=" " tag="720">
      <subfield code="a">Fernández de Sevilla, X.</subfield>
      <subfield code="e">author</subfield>
   </datafield>
   <datafield ind2=" " ind1=" " tag="720">
      <subfield code="a">Fàbrega-Romans, Emma</subfield>
      <subfield code="e">author</subfield>
   </datafield>
   <datafield ind2=" " ind1=" " tag="720">
      <subfield code="a">Tibau , Joan</subfield>
      <subfield code="e">author</subfield>
   </datafield>
   <datafield ind2=" " ind1=" " tag="720">
      <subfield code="a">Casellas, Joaquim</subfield>
      <subfield code="e">author</subfield>
   </datafield>
   <datafield ind2=" " ind1=" " tag="260">
      <subfield code="c">2009-01-01</subfield>
   </datafield>
   <datafield ind2=" " ind1=" " tag="520">
      <subfield code="a">A competing risk approach was used to evaluate the influence of several factors on culling risk for 587 Duroc sows. Three&#xd;
different analyses were performed according to whether sow failure was due to death during productive life (DE) or to one of&#xd;
two causes for voluntary culling: low productivity (LP) and low fertility (LF). Sow survival was analyzed by the Cox model. Year&#xd;
at first farrowing (batch effect) significantly affected sow survival in all three analyses ( P &lt; 0.05 for DE and P &lt; 0.001 for LP&#xd;
and LF) whereas farm of origin accounted for relevant variation in the LP and LF analyses. LP culling increased with backfat&#xd;
thickness of more than 19 mm at the end of the growth period ( P &lt; 0.05), bad teat condition ( P &lt; 0.05) and reduced piglets&#xd;
born alive ( P &lt; 0.001). For the LF competing risk analysis, culling increased with age at first farrowing ( P &lt; 0.1). Special&#xd;
emphasis was placed on the influence of leg and teat conformation on sow survivability, although they did not affect sow&#xd;
failure due to DE ( P > 0.1). The overall leg-conformation score significantly influenced sow longevity in LP ( P &lt; 0.001) and&#xd;
LF competing risk analyses ( P &lt; 0.001), showing a higher hazard ratio (HR) for poorly conformed sows (1.013 and 4.366,&#xd;
respectively) than for well-conformed sows (0.342 and 0.246, respectively). Survival decreased with the presence of abnormal&#xd;
hoof growth in LP and LF analyses (HR 5 3.372 and 6.002, respectively; P &lt; 0.001) and bumps or injuries to legs (HR 5 4.172&#xd;
and 5.839, respectively; P &lt; 0.01). Plantigradism reduced sow survival in the LP analysis ( P &lt; 0.05), while sickle-hooked leg&#xd;
( P &lt; 0.05) impaired sow survival in the fertility-specific analysis. Estimates of heritability for longevity related to LP culling&#xd;
ranged from 0.008 to 0.024 depending on the estimation procedure, whereas heritability values increased to between 0.017&#xd;
and 0.083 in LF analysis. These analyses highlighted substantial discrepancies in the sources of variation and genètic&#xd;
background of sow longevity depending on the cause of failure. The estimated heritabilities suggested that direct genetic&#xd;
improvement for sow longevity seemed feasible, although only a small genetic progress was expected.</subfield>
   </datafield>
   <datafield ind1="8" ind2=" " tag="024">
      <subfield code="a">De Sevilla, X. Fernàndez, E. Fàbrega, J. Tibau, and J. Casellas. 2009. “Competing Risk Analyses of Longevity in Duroc Sows With a Special Emphasis on Leg Conformation.” Animal 3 (3): 446–453. doi: 10.1017/s1751731108003583</subfield>
   </datafield>
   <datafield ind1="8" ind2=" " tag="024">
      <subfield code="a">http://hdl.handle.net/20.500.12327/3126</subfield>
   </datafield>
   <datafield ind1="8" ind2=" " tag="024">
      <subfield code="a">https://doi.org/10.1017/S1751731108003583</subfield>
   </datafield>
   <datafield ind2="0" ind1="0" tag="245">
      <subfield code="a">Competing risk analyses of longevity in Duroc sows with a special emphasis on leg conformation</subfield>
   </datafield>
</record></metadata></record></GetRecord></OAI-PMH>